India's foreign policy : a reader / (Record no. 73987)
[ view plain ]
| 000 -LEADER | |
|---|---|
| fixed length control field | 00810nam a22002657a 4500 |
| 001 - CONTROL NUMBER | |
| control field | 73987 |
| 003 - CONTROL NUMBER IDENTIFIER | |
| rucl marc code | BD-RjUL |
| 005 - DATE AND TIME OF LATEST TRANSACTION | |
| control field | 20211209082453.0 |
| 008 - FIXED-LENGTH DATA ELEMENTS--GENERAL INFORMATION | |
| fixed length control field | 171206b xxu||||| |||| 00| 0 eng d |
| 020 ## - INTERNATIONAL STANDARD BOOK NUMBER | |
| International Standard Book Number | 9780198081746 |
| Terms of availability | 1095.00 |
| International Standard Book Number | 019808174X |
| 035 ## - SYSTEM CONTROL NUMBER | |
| System control number | (BD-RjUL)74205 |
| 040 ## - CATALOGING SOURCE | |
| Original cataloging agency | BD-RjUL |
| Language of cataloging | eng |
| Transcribing agency | BD-RjUL |
| Modifying agency | BD-RjUL |
| 041 ## - LANGUAGE CODE | |
| Language code of text/sound track or separate title | eng |
| 082 ## - DEWEY DECIMAL CLASSIFICATION NUMBER | |
| Classification number | 327.54 |
| Author mark and year | IND 2013 |
| 245 ## - TITLE STATEMENT | |
| Title | India's foreign policy : a reader / |
| Statement of responsibility, etc. | Kanti P Bajpai; Harsh V Pant editor |
| 300 ## - PHYSICAL DESCRIPTION | |
| Pagination | X ,452 p. |
| Size | 26 cm. |
| 490 ## - SERIES STATEMENT | |
| Series statement | Critical issues in Indian politics |
| 504 ## - BIBLIOGRAPHY, ETC. NOTE | |
| Bibliography, etc | Includes bibliographical Index |
| 651 ## - SUBJECT ADDED ENTRY--GEOGRAPHIC NAME | |
| Geographic name | India |
| Form subdivision | Foreign relations |
| Chronological subdivision | 1984- |
| 9 (RLIN) | 219639 |
| Geographic name | India |
| Form subdivision | Diplomatic relations. |
| 9 (RLIN) | 219640 |
| 700 ## - ADDED ENTRY--PERSONAL NAME | |
| Personal name | Bajpai , P. Kanti |
| Personal name | Pant ,V. Harsh |
| 942 ## - ADDED ENTRY ELEMENTS (KOHA) | |
| Source of classification or shelving scheme | Dewey Decimal Classification |
| Koha item type | Books |
| Lost status | Source of classification or shelving scheme | Damaged status | Not for loan | Collection code | Permanent Location | Current Location | Shelving location | Date acquired | Source of acquisition | Cost, normal purchase price | Total Checkouts | Full call number | Date last seen | Copy number | Koha item type |
|---|---|---|---|---|---|---|---|---|---|---|---|---|---|---|---|
| Dewey Decimal Classification | Not For Loan | Non-fiction | Central Library, University of Rajshahi | Central Library, University of Rajshahi | Reading Room | 17/04/2017 | R.U. V.C. OFFICE | 1095.00 | 327.54 IND 2013 | 06/12/2017 | C-1 | Books |